| 000 | 00436nam a2200145Ia 4500 | ||
|---|---|---|---|
| 008 | 220827s9999||||xx |||||||||||||| ||und|| | ||
| 020 | _a9789389108972 | ||
| 082 |
_a610 _bShu/P |
||
| 100 | _aShukla, Parjanya Kumar & Gupta, Pawan kumar | ||
| 245 | 2 | _aA Practical Book of Pharmacognogy and Phytochemistry-2nd: 3rd Year B. Parm.Semester 3rd | |
| 250 | _a2nd Ed. | ||
| 260 |
_aPune _bNirali Prakashan _c2021 |
||
| 300 | _a68 | ||
| 942 | _cPB | ||
| 999 |
_c38118 _d38118 |
||